With love from Dr. Lucien /

Guardat en:
Dades bibliogràfiques
Autor principal: Ash, Pauline
Format: Llibre
Idioma:English
Publicat: London : Mills & Boon, 1966.
LEADER 00698nam a2200193 a 4500
001 c000117143
003 CARM
005 20000224141428.0
008 981119s1966 enk 000 1 eng d
019 1 |a 14250854  |5 LACONCORD2021 
035 |a (OCoLC)222249479  |5 LACONCORD2021 
040 |a NSL:R  |b eng  |c NSL:R 
100 1 |a Ash, Pauline. 
245 1 0 |a With love from Dr. Lucien /  |c by Pauline Ash. 
260 |a London :  |b Mills & Boon,  |c 1966. 
300 |a 191 p. ;  |c 19 cm. 
852 8 |b CARM  |h A2:AI09G0  |i A02163  |p 0153236  |f BK 
999 f f |i f18a135c-eb36-59c4-869d-82394cc3e339  |s d082078c-90c6-5f1b-9afd-89dd25736a67 
952 f f |p Can circulate  |a CAVAL  |b CAVAL  |c CAVAL  |d CARM 1 Store  |e A02163  |f A2:AI09G0  |h Other scheme  |i book  |m 0153236